| 000 | 00654nam a2200241Ia 4500 | ||
|---|---|---|---|
| 003 | BUBTL | ||
| 008 | 151213s9999 xx 000 0 und d | ||
| 041 | _aEnglish | ||
| 082 | _a345.0527/ C4595l/ 1990 | ||
| 100 |
_aChowdhury, Badrul Haider _95536 |
||
| 245 |
_aThe Long echoes/ _cBadrul Haider Chowdhury |
||
| 250 | _a1st Edn. | ||
| 260 |
_aDhaka _bBarna Michhil _cc1990 |
||
| 300 |
_a147 p. : _bill. ; 21 cm. |
||
| 500 | _aIncludes Index. | ||
| 526 | _aLaw | ||
| 650 | _aLaw | ||
| 650 | _a | ||
| 700 |
_aBadrul Haider Chowdhury _95537 |
||
| 856 |
_k0 _l0 _yDownload |
||
| 942 |
_2ddc _cBK |
||
| 999 |
_c1556 _d1556 |
||